Normal view
MARC view
Entry Topical Term
001 - CONTROL NUMBER
- control field: 14079
003 - CONTROL NUMBER IDENTIFIER
- control field: OSt
005 - DATE AND TIME OF LATEST TRANSACTION
- control field: 20210412113108.0
008 - FIXED-LENGTH DATA ELEMENTS
- fixed length control field: 210412|| aca||aabn | a|a d
040 ## - CATALOGING SOURCE
- Original cataloging agency: OSt
- Transcribing agency: OSt
150 ## - HEADING--TOPICAL TERM
- Topical term or geographic name entry element: Water-supply
- Geographic subdivision: Congo River Watershed
- General subdivision: Management.
670 ## - SOURCE DATA FOUND
- Source citation: Work cat.: (OSt)0: Tshimanga, Raphael M. 14076, Traditional systems of water and water resources management along the Upper Congo River /, 2010.
